Chế định nhiều tội phạm: Những vấn đề lý luận và thực tiễn

محفوظ في:
التفاصيل البيبلوغرافية
المؤلف الرئيسي: Lê Văn Đệ
التنسيق: كتاب
اللغة:Undetermined
منشور في: H. CTQG 2003
الموضوعات:
الوسوم: إضافة وسم
لا توجد وسوم, كن أول من يضع وسما على هذه التسجيلة!
Thư viện lưu trữ: Trung tâm Học liệu Trường Đại học Cần Thơ
LEADER 00549nam a2200193Ia 4500
001 CTU_59204
008 210402s9999 xx 000 0 und d
020 |b 30500 
082 |a 364 
082 |b Đ250 
100 |a Lê Văn Đệ 
245 0 |a Chế định nhiều tội phạm: Những vấn đề lý luận và thực tiễn 
245 0 |c Lê Văn Đệ 
260 |a H. 
260 |b CTQG 
260 |c 2003 
650 |a criminology 
904 |i Minh 
980 |a Trung tâm Học liệu Trường Đại học Cần Thơ